000 00839nam a22001937a 4500
999 _c62610
_d62610
003 Ge_BSU
005 20241217155040.0
008 241217s1976 ge ||||| |||| 00| 0 geo d
041 _ageo
080 _a617(075.8) ბ-89
100 _aბოჭორიშვილი, გიორგი
_922608
245 _aზოგადი ქირურგია :
_b[სახელმძღვ. სამედ. ინ-ტის სტუდენტთათვის] /
_cგ. ბოჭორიშვილი.
264 _aთბილისი :
_bგანათლება,
_c 1976.
300 _a519 გვ. :
_bილ.; 5 ფ. ;
_c26 სმ.
501 _aსაძიებელი: გვ. 495-511.
653 _aზოგადი ქირურგია
653 _aმედიცინა
942 _2udc
_cᲬᲘᲒᲜᲘ